000 00723nam a22001937a 4500
999 _c164556
_d164556
005 20190522163240.0
010 _aUR-10134
020 _c150.00
_a9789387539792
035 _aU-8689
037 _bDBAD/PUB
082 _a844.08
100 _aجو ہی با نو
245 _aا ر د و فکشن تر قی پسند تحر يک کے تنا ظر ميں
_cجو ہی با نو
246 _bUrdu Fiction:Taraqqi Pasand Tahrik ke Tanazur Mein(Urdu)
_aby Dr.Juhi Bano
260 _a Delhi
_bEducational Publishing House
_c2018 ء
270 _a3191،Vakil Street,Kucha Pandit,Lal Kuan,
_bDelhi
_e110006
_k23216162
_l00911123211540
300 _a92ص
_c22 Cm.(bk)
942 _2ddc
_cUR
_h844.08
_mج و ہ